1782 1580 1065 1200 1055 1494 1510 1199 1352 1218 1015 1846 1364 1289 1044 1655 1228 1858 1906 1926 1279 1262 1725 1376 1528 1137 1243 1731 1536 1057 1276 1407 1947 1798 1322 1814 1142 1389 1538 1944 1359 1610 1064 1209 1361 1181 1979 1141 1853 1777 1661 1775 1666 1670 1930 1270 1694 1892 1221 1358 1368 1219 1127 1270 1299 1153 1636 1764 1093 1505 1046 1312 1655 1499 1305 1458 1396 1019 1038 1502 1336 1299 1584 1273 1497 1700 1552 1284 1215 1082 1640 1193 1218 1559 1502 1595 1717 1809 1958 BCNSPRNW ULIB Ver.6.0+V

เปลี่ยนเป็นภาษาไทย

Change to English
 แสดงรายละเอียดบรรณานุกรม
  กลับหน้าหลัก

Brief Record : Get Marc (ISO 2709) : E-mail record : QR code < ปิดหน้าต่าง
LEADER : 00000nam 2200000uu 4500
001    13399114959
003     ULIB
008    110627s2553||||th 000 0 tha d
020    9786167014012
090    รส.^bพ981ค
100 0  ไพบูลย์ พันธ์เมือง
245 00 ครูไพบูลย์ เป๋หลังค่อม/^cไพบูลย์ พันธ์เมือง
260    กรุงเทพฯ :^bInspire,^c2553
300     280 หน้า
945    ^p0^l0^i028003
995    ทศพร
999 ^a ใช้งานได้ทุกระบบ
รายการนี้ยังไม่มีแท็ก
คุณยังไม่ได้ล็อกอิน คุณสามารถมีกิจกรรมร่วมกับเว็บไซต์ได้ แต่ต้องล็อกอินก่อน ::
  ล็อกอิน

รายการสื่อสารสนเทศ

ลำดับที่ ประเภท เลขเรียก/บาร์โค้ด สถานที่ สถานะ
1. นวนิยาย
นวนิยาย
รส. พ981ค ฉ.1 
  Barcode: 028003
ห้องสมุดวิทยาเขตสวรรค์ประชารักษ์
►นวนิยาย
บนชั้น
  ขอยืม

BibComment


ยังไม่เคยถูกคอมเมนท์

คอมเมนท์ทรัพยากรรายการนี้
  คอมเมนท์: ครูไพบูลย์ เป๋หลั..


 Copyright 2026. Bcnsprnw @Library